Hydraulic and Electric-Hydraulic Control Systems
Gespeichert in:
| 1. Verfasser: | |
|---|---|
| Format: | Buch |
| Sprache: | Englisch |
| Veröffentlicht: |
Dordrecht :
Kluwer Academic Publishers,
2000
|
| Ausgabe: | 1. Edition |
| Tags: |
Keine Tags, Fügen Sie das erste Tag hinzu!
|
MARC
| LEADER | 00000nam a22000003a 4500 | ||
|---|---|---|---|
| 001 | stu57961 | ||
| 005 | 20150617225651.5 | ||
| 008 | 010528s2000----uk------------------eng-d | ||
| 020 | |a 0-7923-6537-2 | ||
| 040 | |a STU |b slo | ||
| 041 | 0 | |a eng | |
| 044 | |a uk | ||
| 080 | |a 62-82 | ||
| 080 | |a 62-83 |7 stu_us_auth*stu6971 | ||
| 100 | 1 | |a Walters, Ronald B. |4 aut | |
| 245 | 1 | |a Hydraulic and Electric-Hydraulic Control Systems | |
| 250 | |a 1. Edition | ||
| 260 | |a Dordrecht : |b Kluwer Academic Publishers, |c 2000 | ||
| 300 | |a 331 s |c disketa | ||
| 996 | |b 284J003933 |c J*97793 |l JJK14 |s P |a 0 |w stu57961_0001 | ||